000 00532cam a22001931 4500
001 sa 68001602
003 DLC
005 20260227112435.0
008 881102s1962 xx 000 0 hino
010 _asa 68001602
035 _a(OCoLC)23568779
040 _aDLC
_cMiU
_dDLC
050 0 0 _aPK2098.V33
_bK3
100 1 _aVarmā, Rāmakumāra,
_d1905-1990.
245 1 0 _aKalā aura kṛpāṇa.
260 _c[1962]
300 _a13, 86 p.
_bmap.
_c18 cm.
600 0 0 _aUdayana,
_cKing of Udayagiri,
_dactive 520 B.C.-493 B.C.
_vDrama.
999 _c78075
_d78075